Cien voces rompen el silencio. Testimonios de ex presos políticos de la dictadura militar en Chile (1973-1990).

Enregistré dans:
Détails bibliographiques
Auteur principal: Kunstman Torres, Wally (compiladora)
Autres auteurs: Torres Ávila, Victoria (compiladora)
Format: Livre
Langue:anglais
Publié: Santiago, Chile: Dirección de Bibliotecas, Archivos y Museos; Regional Metropolitano de Ex Presas y Presos Políticos; Centro de Investigaciones Diego Barros Arana, 2008.
Collection:Fuentes para la historia de la República,
Sujets:
Tags: Ajouter un tag
Pas de tags, Soyez le premier à ajouter un tag!

MARC

LEADER 00000nam a22000007a 4500
003 CL-VaPUC
005 20220822114538.0
008 220704t2008 ||||| |||| 00| 0 eng d
999 |c 436621  |d 436619 
020 |a 978-956-244-001-X (colección) 
020 |a 978-956-244-201-5 (título) 
040 |c Pontificia Universidad Católica de Valparaíso 
082 7 |a 365.450983 KUN 2008  |2 22 
100 1 |a Kunstman Torres, Wally  |e compiladora  |9 872079 
245 |a Cien voces rompen el silencio.  |b Testimonios de ex presos políticos de la dictadura militar en Chile (1973-1990). 
260 |a Santiago, Chile:  |b Dirección de Bibliotecas, Archivos y Museos;  |b Regional Metropolitano de Ex Presas y Presos Políticos;  |b Centro de Investigaciones Diego Barros Arana,  |c 2008. 
300 |a 730 páginas. 
490 |a Fuentes para la historia de la República,  |n  XXXIX. 
500 |a c.1 Donación Familia Prof. Alejandro Guzmán Brito. 
583 |c 20220704  |k Catalogador Asistente 
650 |a Presos politicos   |z Chile  |9 872562 
650 |a Víctimas de terrorismo de estado  |z Chile  |9 872563 
650 |a Dictadura   |z Chile  |y 1973-1990  |9 872564 
650 |a Gobierno militar  |z Chile  |x Historia   |y Siglo 20  |9 872565 
700 |a Torres Ávila, Victoria  |e compiladora  |9 872080 
942 |2 ddc  |c BK  |n 0 
952 |0 0  |1 0  |2 ddc  |4 0  |6 365_450983000000000_KUN_2008  |7 1  |8 C_AGB  |9 584299  |a BIBDER  |b BIBDER  |d 2022-07-04  |e Donación  |i 5652461  |o 365.450983 KUN 2008  |p 5652461  |r 2023-01-25  |t 1  |w 2022-07-04  |y BK_US  |k AGB